| 000 | 00885nam a22001577a 4500 | ||
|---|---|---|---|
| 003 | OSt | ||
| 005 | 20151007100344.0 | ||
| 008 | 151007b xxu||||| |||| 00| 0 eng d | ||
| 040 | _cRUA | ||
| 082 | _aAVM SRE 2004 B074 Or.1 | ||
| 100 |
_92243 _aSREY, BORMEY. |
||
| 245 | _athe effect of methionine supplementation on growth rate of broiler in the animal experimental station of royal university of agriculture (ឥទ្ធិពលនៃការប្រើប្រាស់មេត្យូនីន នៅក្នុងចំណីផ្សំទៅលើការលូតលាស់របស់មាន់សាច់ នៅក្នុងស្ថានីយចិញ្ចឹមសត្វនៃសាកលវិទ្យាល័យភូមិន្ទកសិកម្ម) | ||
| 260 |
_aphnom penh _bRUA _c2004 |
||
| 300 |
_aviii, 42p. _bill. _c29cm. |
||
| 942 |
_2ddc _cAVM |
||
| 999 |
_c2114 _d2114 |
||